000 nam a22 7a 4500
999 _c7274
_d7274
008 170801b xxu||||| |||| 00| 0 eng d
100 _93814
_aStandard educational corporation
245 _aNew Standard Encyclopedia (vol - 9)
260 _aChicago
_bStandard Educational Corporation